000 00550nam a2200205Ia 4500
005 20230203093737.0
008 131103s9999 xx 000 0 und d
040 _aLoreto College
041 _aEnglish
082 _a882
_bEUR
100 _aEuripides
245 _aThree plays
_cEuripides;translated by Philip Vellacott
260 _aHarmoundworth
_bPenguin Books
_c1968
300 _a168 p.
440 _aPenguin Classics
504 _aIncludes bibliographical references
700 _aVellacott,Philip,tr.
850 _aLCLIB
942 _cBK
999 _c5534
_d56013